000 00360nam a22001217a 4500
008 230627b xxu||||| |||| 00| 0 eng d
020 _a9966221549
082 _a338.1
_bKEN 1998
245 _aTrade Unions in Kenya:Development and the System of Industrial Relations
260 _aNairobi
_bJomo Kenyatta Foundation
_c1998
300 _aVIII,179p
942 _2ddc
_cBK
999 _c2912
_d2912